[Event "16th Sants Open 2014"]
[Site "Barcelona ESP"]
[Date "2014.08.24"]
[Round "3.59"]
[White "Lemeaux, David"]
[Black "Farnault, Eric"]
[Result "1/2-1/2"]
[WhiteElo "2267"]
[BlackElo "2021"]
[WhiteFideId "613843"]
[BlackFideId "628620"]
[EventDate "2014.08.22"]

1. d4 d5 2. Nf3 Nf6 3. g3 Bf5 4. c4 dxc4 5. Nc3 e6 6. Ne5 Nbd7 7. Nxc4 Bb4 8. a3
Bxc3+ 9. bxc3 O-O 10. Bg2 Be4 11. f3 Bd5 12. Ne3 c5 13. Nxd5 Nxd5 14. Qd3 cxd4
15. cxd4 Rc8 16. Bd2 N7b6 17. e4 Ne7 18. O-O Nc6 19. Be3 Ne5 20. Qe2 Nec4 21.
Bf2 Na4 22. Rfc1 b5 23. Bf1 a6 24. Qa2 Ncb6 25. Qb3 Qg5 26. Be3 Qf6 27. Kg2 h5
28. Qb4 Qd8 29. Be2 Qd7 30. h4 Rxc1 31. Rxc1 Rc8 32. Bd3 Rxc1 33. Bxc1 Qc7 34.
Bd2 Nc4 35. Bf4 e5 36. dxe5 Nxe5 37. Qd4 f6 38. Qd5+ Kh7 39. Bd2 Nb2 40. Bb1
Nbc4 41. Bc1 Qa5 42. Qd1 Qc3 43. Ba2 Nd3 44. Bxc4 bxc4 45. Be3 Ne5 46. Bd4 Qxa3
47. Bxe5 fxe5 48. Qd7 Qb2+ 49. Kh3 Qc1 50. Qf5+ Kh6 51. Qe6+ g6 52. Kg2 Qd2+ 53.
Kf1 Qd3+ 54. Kf2 Qd2+ 55. Kf1 Qd3+ 56. Kf2 Qd2+ 1/2-1/2

[Event "16th Sants Open 2014"]
[Site "Barcelona ESP"]
[Date "2014.08.24"]
[Round "3.60"]
[White "Herrera Reyes, Jose Antonio"]
[Black "Castrillo Mansego, Pablo"]
[Result "1-0"]
[WhiteElo "2239"]
[BlackElo "2018"]
[WhiteFideId "2274914"]
[BlackFideId "22234772"]
[EventDate "2014.08.22"]

1. e4 c5 2. Nf3 d6 3. c3 Nf6 4. h3 Nc6 5. Bd3 g6 6. Bc2 Bg7 7. O-O O-O 8. d3 b5
9. a3 a5 10. Be3 Bb7 11. Nbd2 Nd7 12. Rc1 a4 13. d4 Qa5 14. Re1 Ba6 15. Nf1 Rad8
16. Ng3 e5 17. h4 Nb6 18. Bd3 Nc4 19. Bxc4 bxc4 20. h5 cxd4 21. cxd4 d5 22. Bg5
f6 23. Bd2 Qb5 24. hxg6 hxg6 25. Nh4 g5 26. Nhf5 Nxd4 27. Ne7+ Kf7 28. Bb4 Rh8
29. exd5 Bb7 30. Ne4 Bxd5 31. Nxd5 Rxd5 32. Nc3 Qc6 33. Nxd5 Qxd5 34. Bc3 Rh4
35. Bxd4 Rxd4 36. Qh5+ Kg8 37. Rcd1 Qf7 38. Qxf7+ Kxf7 39. Rxd4 exd4 40. Rc1 f5
41. Rxc4 d3 42. Kf1 Bxb2 43. Rxa4 Ke6 44. Ra5 g4 45. a4 f4 46. Rb5 Bc1 47. Rb3
Kd5 48. Rxd3+ Kc4 49. Rd1 Bb2 50. Rb1 Bd4 51. a5 1-0

[Event "16th Sants Open 2014"]
[Site "Barcelona ESP"]
[Date "2014.08.24"]
[Round "3.61"]
[White "Valero Fuertes, Carlos"]
[Black "Madiai, Federico"]
[Result "0-1"]
[WhiteElo "2013"]
[BlackElo "2234"]
[WhiteFideId "2229706"]
[BlackFideId "836230"]
[EventDate "2014.08.22"]

1. d4 Nf6 2. Nf3 e6 3. Bg5 c5 4. c3 cxd4 5. Bxf6 Qxf6 6. Qxd4 Qd8 7. Nbd2 Nc6 8.
Qd3 d5 9. e3 b6 10. Nd4 Bb7 11. Nxc6 Bxc6 12. Nb3 a6 13. Nd4 Bb7 14. f4 Bd6 15.
Be2 Qc7 16. Qd2 O-O 17. O-O Rae8 18. Rae1 g6 19. Bd1 e5 20. Ne2 Qc6 21. Ng3 exf4
22. exf4 Qc5+ 23. Kh1 Rxe1 24. Qxe1 d4 25. Bf3 Bd5 26. cxd4 Qxd4 27. Qd1 Qxd1
28. Rxd1 Bxf3 29. Rxd6 Bg4 30. Rxb6 Rc8 31. Kg1 Rc1+ 32. Kf2 Rc2+ 33. Kg1 Be6
34. Nf1 Bxa2 35. Ne3 Re2 36. Ng4 Kg7 37. Ne5 Bd5 38. Nf3 Bxf3 39. gxf3 a5 40. b4
axb4 41. Rxb4 Kf6 42. Rb5 Rd2 43. Re5 Rd4 44. Kg2 Rxf4 45. Ra5 Rf5 46. Ra6+ Kg5
47. Kg3 h6 48. Rb6 Rc5 49. Ra6 Rc4 50. Ra5+ f5 51. Rb5 h5 52. Rb6 h4+ 53. Kg2
Rc2+ 54. Kh3 Rf2 55. Rb3 Kf4 56. Rb4+ Kxf3 57. Rf4+ Kxf4 0-1

[Event "16th Sants Open 2014"]
[Site "Barcelona ESP"]
[Date "2014.08.24"]
[Round "3.62"]
[White "Nordenbaek, Jan"]
[Black "Vilalta Vidal, Javier"]
[Result "1/2-1/2"]
[WhiteElo "2228"]
[BlackElo "2017"]
[WhiteFideId "1401475"]
[BlackFideId "2261260"]
[EventDate "2014.08.22"]

1. e4 d6 2. d4 Nf6 3. Nc3 g6 4. f4 Bg7 5. Nf3 O-O 6. Bd3 c5 7. e5 Nfd7 8. e6
fxe6 9. Ng5 cxd4 10. Nxe6 Qa5 11. Nxg7 dxc3 12. Ne6 Rf6 13. O-O Rxe6 14. f5 Rf6
15. Bg5 Rf7 16. fxg6 hxg6 17. Bxg6 Rg7 18. Qh5 Nf6 19. Qh6 Nbd7 20. Rad1 Ne4 21.
Bf7+ Rxf7 22. Qg6+ Rg7 23. Qe8+ Kh7 24. Qh5+ Kg8 25. Qe8+ Kh7 26. Qh5+ Kg8 1/2-1/2

[Event "16th Sants Open 2014"]
[Site "Barcelona ESP"]
[Date "2014.08.24"]
[Round "3.63"]
[White "Serra Pages, Jordi"]
[Black "Rodmacq, Clement"]
[Result "1-0"]
[WhiteElo "2216"]
[BlackElo "2009"]
[WhiteFideId "2213753"]
[BlackFideId "640646"]
[EventDate "2014.08.22"]

1. d4 Nf6 2. c4 e5 3. dxe5 Ne4 4. Nf3 b6 5. Qd5 Bb7 6. Qd1 Nc6 7. Nbd2 Nc5 8. g3
Nxe5 9. Bg2 Qf6 10. O-O O-O-O 11. Nxe5 Qxe5 12. Bxb7+ Nxb7 13. Nf3 Qf5 14. Bf4
Bd6 15. Bxd6 Nxd6 16. Rc1 h5 17. Qa4 Kb8 18. b4 h4 19. c5 Nb7 20. Rc3 Qe4 21.
Re3 Nxc5 22. Qa3 Qb7 23. bxc5 g5 24. Nxg5 hxg3 25. Rxg3 Qd5 26. cxb6 axb6 27.
Qb3 1-0

[Event "16th Sants Open 2014"]
[Site "Barcelona ESP"]
[Date "2014.08.25"]
[Round "4.1"]
[White "Granda Zuniga, Julio E"]
[Black "Ducarmon, Quinten"]
[Result "0-1"]
[WhiteTitle "GM"]
[BlackTitle "IM"]
[WhiteElo "2663"]
[BlackElo "2479"]
[WhiteFideId "3800024"]
[BlackFideId "1025007"]
[EventDate "2014.08.22"]

1. Nf3 d5 2. g3 c6 3. Bg2 Bg4 4. b3 Nf6 5. Bb2 Nbd7 6. d3 e6 7. Nbd2 Bd6 8. h3
Bh5 9. g4 Bg6 10. Nh4 Qe7 11. a3 a5 12. e3 Be5 13. d4 Bd6 14. f4 c5 15. O-O Rc8
16. Nxg6 hxg6 17. c4 O-O 18. Qf3 a4 19. b4 b6 20. dxc5 bxc5 21. Bxf6 Nxf6 22. b5
Bc7 23. Rfd1 Rfd8 24. Rac1 e5 25. g5 Nh5 26. cxd5 exf4 27. e4 Be5 28. h4 Rb8 29.
Qd3 Bd4+ 30. Kh2 f3 31. Nxf3 Qd6+ 32. e5 Bxe5+ 33. Kg1 Bf4 34. Rc4 Re8 35. Re1
Bh2+ 36. Kh1 Rxe1+ 37. Nxe1 Re8 38. Nf3 Bf4 39. Bf1 Qd7 40. d6 Qg4 41. d7 Rd8
42. Bg2 Rxd7 43. Qc2 Re7 44. Kg1 Be3+ 45. Kh1 Ng3+ 46. Kh2 Ne4 47. Kh1 Qf4 48.
b6 Ng3+ 49. Kh2 Nf1+ 0-1

[Event "16th Sants Open 2014"]
[Site "Barcelona ESP"]
[Date "2014.08.25"]
[Round "4.2"]
[White "Gomez Garrido, Camilo Ernesto"]
[Black "Cori, Jorge"]
[Result "1/2-1/2"]
[WhiteTitle "IM"]
[BlackTitle "GM"]
[WhiteElo "2496"]
[BlackElo "2630"]
[WhiteFideId "3507904"]
[BlackFideId "3802272"]
[EventDate "2014.08.22"]

1. e4 e6 2. d4 d5 3. Nd2 Nf6 4. e5 Nfd7 5. f4 c5 6. Ngf3 Nc6 7. Nb3 c4 8. Nbd2
b5 9. Be2 Be7 10. Nf1 O-O 11. Ne3 f6 12. O-O Rb8 13. c3 fxe5 14. fxe5 Nb6 15.
Qe1 Bd7 16. Bd1 Be8 17. Bc2 Bg6 18. Bxg6 hxg6 19. Qg3 Qe8 20. Qg4 Nd8 21. a3 a5
22. g3 Na4 23. Ng2 Rb7 24. Bg5 Nxb2 25. Bxe7 Rxe7 26. Nf4 g5 27. Nxg5 Nd3 28.
Nxd3 Rxf1+ 29. Rxf1 cxd3 30. Qf3 Nf7 31. Nxf7 Rxf7 32. Qxd3 Rxf1+ 33. Qxf1 a4
34. Qb1 Qh5 35. Qxb5 Qd1+ 36. Qf1 Qd2 37. Qa6 Qe1+ 38. Kg2 Qd2+ 39. Kh3 Qh6+ 40.
Kg4 Qg6+ 41. Kh3 Qh6+ 42. Kg2 Qd2+ 43. Kf1 Qd1+ 44. Kg2 Qd2+ 45. Kh3 1/2-1/2

[Event "16th Sants Open 2014"]
[Site "Barcelona ESP"]
[Date "2014.08.25"]
[Round "4.3"]
[White "Sandipan, Chanda"]
[Black "Galliamova, Alisa"]
[Result "1-0"]
[WhiteTitle "GM"]
[BlackTitle "IM"]
[WhiteElo "2619"]
[BlackElo "2472"]
[WhiteFideId "5004225"]
[BlackFideId "4129725"]
[EventDate "2014.08.22"]

1. e4 c5 2. Nf3 e6 3. d4 cxd4 4. Nxd4 Nf6 5. Nc3 d6 6. g4 h6 7. h4 Nc6 8. Rg1 e5
9. Nb3 Ng8 10. Nd5 Nge7 11. Be3 Nxd5 12. exd5 Ne7 13. h5 a6 14. Qd2 f5 15. gxf5
Nxf5 16. Bd3 Qf6 17. O-O-O Qf7 18. f4 exf4 19. Bxf4 Be7 20. Nd4 Qxd5 21. Nxf5
Bxf5 22. Bxf5 Qxf5 23. Rxg7 Bf6 24. Re1+ Kf8 25. Rxb7 Bg7 26. Qxd6+ 1-0

[Event "16th Sants Open 2014"]
[Site "Barcelona ESP"]
[Date "2014.08.25"]
[Round "4.4"]
[White "Fier, Alexandr"]
[Black "Hoffman, Alejandro"]
[Result "1/2-1/2"]
[WhiteTitle "GM"]
[BlackTitle "GM"]
[WhiteElo "2570"]
[BlackElo "2456"]
[WhiteFideId "2107139"]
[BlackFideId "100340"]
[EventDate "2014.08.22"]

1. d4 d6 2. Nf3 Nf6 3. c4 g6 4. Nc3 Bg7 5. e4 O-O 6. h3 c5 7. d5 e6 8. Bd3 Na6
9. O-O Nc7 10. Bg5 h6 11. Be3 e5 12. Qd2 h5 13. Rab1 Nh7 14. b4 cxb4 15. Rxb4
Na6 16. Rbb1 b6 17. Bc2 Bd7 18. Nb5 Qe7 19. a4 Rfc8 20. a5 Nc5 21. axb6 axb6 22.
Nc3 Qd8 23. Rb4 Bf6 24. Rfb1 Ra6 25. Qd1 Rca8 26. Qc1 g5 27. Nb5 Be7 28. Nd2 Nf8
29. Nf1 h4 30. Nc3 Ng6 31. Qb2 Rb8 32. Bxc5 dxc5 33. Rb3 g4 34. hxg4 Bxg4 35.
Ne3 Bd7 36. Nf5 Bg5 37. g3 hxg3 38. fxg3 Bd2 39. Ne2 Qg5 40. Rf1 Rba8 41. Bb1
Bb4 42. Qc1 Bd2 43. Qb2 Bb4 44. Qc1 Bd2 1/2-1/2

[Event "16th Sants Open 2014"]
[Site "Barcelona ESP"]
[Date "2014.08.25"]
[Round "4.5"]
[White "Cuartas, Jaime Alexander"]
[Black "Handke, Florian"]
[Result "1-0"]
[WhiteTitle "GM"]
[BlackTitle "GM"]
[WhiteElo "2489"]
[BlackElo "2553"]
[WhiteFideId "4401190"]
[BlackFideId "4634527"]
[EventDate "2014.08.22"]

1. e4 c5 2. Nf3 e6 3. d4 cxd4 4. Nxd4 a6 5. Bd3 Nf6 6. O-O Qc7 7. Qe2 d6 8. c4
g6 9. Nc3 Bg7 10. f4 O-O 11. Nf3 Nbd7 12. Kh1 b6 13. Bd2 Bb7 14. Rae1 Rad8 15.
Bb1 Rc8 16. b3 Nh5 17. Rc1 Rfe8 18. Qf2 Qb8 19. f5 b5 20. Ng5 Ne5 21. Nxf7 bxc4
22. Nxe5 Bxe5 23. fxe6 Kh8 24. Nd5 Rxe6 25. bxc4 Bxd5 26. cxd5 Rf6 27. Qe2 Rxc1
28. Rxc1 Nf4 29. Qxa6 Kg7 30. Qc4 Qb2 31. Bc2 Rf7 32. Rb1 Qa3 33. Rf1 g5 34. g3
Nh3 35. Rxf7+ Kxf7 36. Qf1+ Kg7 37. Qxh3 Qxa2 38. Qd7+ Kf6 39. Qe6+ Kg7 40. Bxg5 1-0

[Event "16th Sants Open 2014"]
[Site "Barcelona ESP"]
[Date "2014.08.25"]
[Round "4.6"]
[White "Alsina Leal, Daniel"]
[Black "Oliva Castaneda, Kevel"]
[Result "1/2-1/2"]
[WhiteTitle "GM"]
[BlackTitle "FM"]
[WhiteElo "2550"]
[BlackElo "2446"]
[WhiteFideId "2252627"]
[BlackFideId "3500799"]
[EventDate "2014.08.22"]

1. e4 c5 2. Nf3 e6 3. d4 cxd4 4. Nxd4 Nc6 5. Nc3 Qc7 6. Be3 a6 7. Qd2 Nf6 8. f4
Bb4 9. Bd3 Na5 10. a3 Bxc3 11. Qxc3 Qxc3+ 12. bxc3 d5 13. e5 Ne4 14. Nb3 Nc4 15.
Bxc4 dxc4 16. Na5 b5 17. Bd4 f5 18. exf6 gxf6 19. O-O Kf7 20. Rfe1 Nd6 21. Rad1
Nb7 22. Bb6 Nxa5 23. Bxa5 Ra7 24. Bb6 Rd7 25. Rxd7+ Bxd7 26. Rd1 Bc6 27. Rd6 Be4
28. Bd4 Ra8 29. Rd7+ Kg6 30. Re7 Bd5 31. g4 h5 32. gxh5+ Kf5 33. h6 Rh8 34. h7
Kg6 35. Rd7 Be4 36. Rd6 Kf5 37. Rxa6 Rxh7 38. Ra5 Rg7+ 39. Kf1 Kxf4 40. Bxf6 Rf7
41. Bd4 Rf5 42. a4 bxa4 43. Rxa4 Bd5 44. Bf2 Kf3 45. Ra7 Be4 46. Rg7 Bxc2 47.
Rg3+ Ke4 48. Re3+ Kd5 49. h4 e5 50. Rh3 Bd3+ 51. Ke1 Rf7 52. h5 Rb7 53. Be3 Rb1+
54. Kd2 Rb2+ 55. Kd1 Rb3 56. Kd2 Bf5 57. Rh4 Rb2+ 58. Kd1 1/2-1/2

[Event "16th Sants Open 2014"]
[Site "Barcelona ESP"]
[Date "2014.08.25"]
[Round "4.7"]
[White "Cruz, Jonathan"]
[Black "Kraemer, Martin"]
[Result "0-1"]
[WhiteTitle "IM"]
[BlackTitle "GM"]
[WhiteElo "2459"]
[BlackElo "2546"]
[WhiteFideId "3802124"]
[BlackFideId "4671910"]
[EventDate "2014.08.22"]

1. c4 e6 2. Nf3 Nf6 3. g3 d5 4. b3 c5 5. Bg2 Nc6 6. O-O Be7 7. Bb2 d4 8. e3 e5
9. exd4 exd4 10. d3 O-O 11. Na3 Bf5 12. Nc2 a5 13. Re1 Qd7 14. a3 Bd6 15. b4
axb4 16. axb4 Rxa1 17. Bxa1 b6 18. b5 Ne7 19. Ne5 Bxe5 20. Rxe5 Ng6 21. Re1 Ng4
22. Bc6 Qd6 23. f4 h5 24. Qf3 Ne7 25. Bb7 Rb8 26. Be4 Qg6 27. Bb2 Nf6 28. Bxf5
Nxf5 29. Bc1 h4 30. Kf2 Ng4+ 31. Kg1 hxg3 32. hxg3 Qh5 33. Re2 g6 34. Ne1 Kg7
35. Qg2 Rh8 36. Kf1 Nh2+ 37. Kf2 Ng4+ 38. Kf1 Qh3 39. Qxh3 Rxh3 40. Re8 Rh2 41.
Kg1 Nxg3 42. f5 Ne2+ 43. Rxe2 Rxe2 44. Ng2 Ra2 45. Nf4 g5 46. Nh5+ Kh6 47. Ng3
Ra1 48. Ne2 Ne5 0-1

[Event "16th Sants Open 2014"]
[Site "Barcelona ESP"]
[Date "2014.08.25"]
[Round "4.8"]
[White "Valdes Romero, Leonardo"]
[Black "Libiszewski, Fabien"]
[Result "1/2-1/2"]
[WhiteTitle "IM"]
[BlackTitle "GM"]
[WhiteElo "2406"]
[BlackElo "2531"]
[WhiteFideId "6500331"]
[BlackFideId "616834"]
[EventDate "2014.08.22"]

1. Nf3 Nf6 2. c4 b6 3. g3 Bb7 4. Bg2 g6 5. O-O Bg7 6. d4 O-O 7. d5 Na6 8. Nc3
Nc5 9. Be3 c6 10. b4 Nce4 11. Nxe4 Nxe4 12. Bd4 cxd5 13. Bxg7 Kxg7 14. cxd5 Rc8
15. Qd4+ Nf6 16. e4 Qc7 17. Rfd1 Qc3 18. a3 Rc4 19. Qxc3 Rxc3 20. Nd4 a6 21. h3
e6 22. Ne2 Rc2 23. Nf4 e5 24. Nd3 d6 25. Rac1 Rfc8 26. Rxc2 Rxc2 27. Rc1 Rxc1+
28. Nxc1 Nd7 29. Bf1 f5 30. f3 Bc8 31. Kf2 Nf6 32. Ke3 Nh5 33. Kf2 Kf7 34. Nb3
Ke7 35. Nd2 Kd8 36. h4 Nf6 37. Bd3 Kc7 38. Nc4 Bd7 39. Nd2 Kb7 40. Nc4 Kc7 41.
Nd2 fxe4 42. fxe4 Ba4 43. Be2 Bd7 1/2-1/2

[Event "16th Sants Open 2014"]
[Site "Barcelona ESP"]
[Date "2014.08.25"]
[Round "4.9"]
[White "Narciso Dublan, Marc"]
[Black "Aloma Vidal, Robert"]
[Result "0-1"]
[WhiteTitle "GM"]
[BlackTitle "IM"]
[WhiteElo "2515"]
[BlackElo "2403"]
[WhiteFideId "2201500"]
[BlackFideId "2260409"]
[EventDate "2014.08.22"]

1. e4 c5 2. Nc3 g6 3. g3 Bg7 4. Bg2 Nc6 5. d3 d6 6. Be3 Rb8 7. Qd2 b5 8. Nge2 b4
9. Nd1 Nd4 10. O-O h5 11. h3 Nh6 12. f4 f5 13. Nc1 h4 14. gxh4 Nf7 15. c3 bxc3
16. bxc3 Ne6 17. Ne2 Rxh4 18. Bf2 Rh7 19. exf5 gxf5 20. Ne3 Bb7 21. Nxf5 Kd7 22.
Rab1 Bxg2 23. Kxg2 Rxb1 24. Rxb1 Qa8+ 25. Kh2 Qd5 26. Neg3 Be5 27. c4 Qf3 28.
Qe3 Rxh3+ 29. Kxh3 Nxf4+ 30. Qxf4 Bxf4 31. Rb2 Ne5 32. d4 Nd3 0-1

[Event "16th Sants Open 2014"]
[Site "Barcelona ESP"]
[Date "2014.08.25"]
[Round "4.10"]
[White "Comas Fabrego, Lluis"]
[Black "Perpinya Rofes, Lluis Maria"]
[Result "1/2-1/2"]
[WhiteTitle "GM"]
[BlackTitle "IM"]
[WhiteElo "2508"]
[BlackElo "2391"]
[WhiteFideId "2200325"]
[BlackFideId "2208598"]
[EventDate "2014.08.22"]

1. d4 Nf6 2. c4 g6 3. Nc3 Bg7 4. e4 d6 5. Bd3 O-O 6. Nge2 c5 7. d5 e6 8. O-O Ng4
9. Bc2 Ne5 10. b3 exd5 11. exd5 Re8 12. Rb1 Na6 13. a3 1/2-1/2

[Event "16th Sants Open 2014"]
[Site "Barcelona ESP"]
[Date "2014.08.25"]
[Round "4.11"]
[White "Jorczik, Julian"]
[Black "Blomqvist, Erik"]
[Result "0-1"]
[WhiteTitle "IM"]
[BlackTitle "GM"]
[WhiteElo "2399"]
[BlackElo "2506"]
[WhiteFideId "24611719"]
[BlackFideId "1709437"]
[EventDate "2014.08.22"]

1. d4 d5 2. c4 c6 3. Nf3 Nf6 4. Nc3 e6 5. e3 Nbd7 6. Qc2 b6 7. b3 Bb7 8. Be2 Be7
9. O-O O-O 10. Bb2 Qc7 11. Rad1 Rad8 12. Rfe1 Rfe8 13. Bf1 Qb8 14. g3 Qa8 15.
Bg2 dxc4 16. bxc4 c5 17. d5 exd5 18. cxd5 Nxd5 19. Nxd5 Bxd5 20. Ng5 Nf6 21.
Bxf6 Bxf6 22. Qxh7+ Kf8 23. Rxd5 Rxd5 24. Nh3 Qd8 25. Bxd5 Qxd5 26. Qc2 Rd8 27.
Nf4 Qd2 28. Re2 Qd1+ 29. Kg2 g5 30. Qf5 Rd6 31. Nh5 Bd8 32. Qf3 c4 33. e4 c3 34.
e5 Rh6 35. Nf6 c2 36. Qc6 Rxf6 37. exf6 Qxe2 38. Qd6+ Kg8 39. Qxd8+ Kh7 40. Qc7
Kg6 41. h4 gxh4 42. Qf4 Qe6 43. Qc1 Qd5+ 0-1

[Event "16th Sants Open 2014"]
[Site "Barcelona ESP"]
[Date "2014.08.25"]
[Round "4.12"]
[White "Klein, David"]
[Black "Arias Igual, Alejandro"]
[Result "1-0"]
[WhiteTitle "IM"]
[WhiteElo "2498"]
[BlackElo "2271"]
[WhiteFideId "1003623"]
[BlackFideId "2254905"]
[EventDate "2014.08.22"]

1. e4 c5 2. Nf3 Nc6 3. Bb5 g6 4. O-O Bg7 5. c3 Nf6 6. Re1 O-O 7. h3 d5 8. e5 Ne8
9. d4 cxd4 10. cxd4 Nc7 11. Bxc6 bxc6 12. Nc3 Ne6 13. Be3 a5 14. b3 Ba6 15. Qd2
Rb8 16. Rac1 Bb5 17. Bh6 Qd7 18. Rc2 Qa7 19. Bxg7 Kxg7 20. Nd1 a4 21. b4 Qa6 22.
a3 Bd3 23. Rc3 Be4 24. Ng5 Nxg5 25. Qxg5 Rfe8 26. Ne3 Qb6 27. Rd1 f6 28. Qg3 g5
29. Rc5 Rbc8 30. Rdc1 Qa6 31. h4 h6 32. Qg4 Kg6 33. b5 Qb6 34. exf6 exf6 35. h5+
Kf7 36. Qd7+ Kg8 37. Ng4 Qc7 1-0

[Event "16th Sants Open 2014"]
[Site "Barcelona ESP"]
[Date "2014.08.25"]
[Round "4.13"]
[White "Sanchez Enriquez, Oscar Gerardo"]
[Black "Bogner, Sebastian"]
[Result "1/2-1/2"]
[WhiteTitle "FM"]
[BlackTitle "GM"]
[WhiteElo "2374"]
[BlackElo "2603"]
[WhiteFideId "5106311"]
[BlackFideId "4692055"]
[EventDate "2014.08.22"]

1. e4 c5 2. Nf3 a6 3. c4 Nc6 4. d4 cxd4 5. Nxd4 e5 6. Nf5 d6 7. Nc3 g6 8. Ne3
Bh6 9. Bd3 Be6 10. O-O Nge7 11. b3 O-O 12. Bb2 Rb8 13. Qe1 Nd4 14. Ne2 Nec6 15.
Nxd4 Nxd4 16. Rd1 b5 17. Bc3 Re8 18. Bb4 bxc4 19. Nxc4 Bxc4 20. Bxc4 Bf4 21. Bd2
Bxd2 22. Rxd2 Qb6 23. Qe3 Kg7 24. f4 f6 25. Kh1 a5 26. Rdf2 Rf8 27. g4 h6 28. h4
Qc5 29. g5 Nxb3 30. Qxc5 Nxc5 31. fxe5 dxe5 32. gxf6+ Kh7 33. Bd5 Rb6 34. Rc2
Na6 35. f7 Nb4 36. Rc5 Nxd5 37. Rxd5 Kg7 38. Rxa5 Rxf7 39. Rxf7+ Kxf7 40. Rxe5
Rb1+ 41. Kg2 Rb2+ 42. Kf3 Rxa2 43. Rb5 1/2-1/2

[Event "16th Sants Open 2014"]
[Site "Barcelona ESP"]
[Date "2014.08.25"]
[Round "4.14"]
[White "Vocaturo, Daniele"]
[Black "Bergez, Luc"]
[Result "1-0"]
[WhiteTitle "GM"]
[BlackTitle "IM"]
[WhiteElo "2587"]
[BlackElo "2368"]
[WhiteFideId "813192"]
[BlackFideId "606600"]
[EventDate "2014.08.22"]

1. d4 d5 2. c4 c6 3. Nf3 Nf6 4. Nc3 dxc4 5. a4 Bf5 6. e3 e6 7. Bxc4 Bb4 8. O-O
O-O 9. Qe2 Ne4 10. Bd3 Bxc3 11. Bxe4 Bb4 12. Bxf5 exf5 13. Bd2 Na6 14. Bc3 Bd6
15. Qc4 Qe7 16. d5 Qe4 17. Qd4 f6 18. dxc6 Qxc6 19. Qd3 g6 20. Rfd1 Rad8 21. Bd4
Qd5 22. Qe2 Qf7 23. Bxa7 Bc5 24. Bxc5 Nxc5 25. Qb5 Ne4 26. g3 Rd6 27. Rxd6 Nxd6
28. Qd3 Rd8 29. Rd1 Qc7 30. Qb3+ Kh8 31. Nd4 Nf7 32. Ne6 Rxd1+ 33. Qxd1 Qc6 34.
Nd4 Qe4 35. Qc2 Qe8 36. Qc7 Ng5 37. Qxb7 Qxa4 38. h4 Ne4 39. Ne6 1-0

[Event "16th Sants Open 2014"]
[Site "Barcelona ESP"]
[Date "2014.08.25"]
[Round "4.15"]
[White "Strunski, Andreas"]
[Black "Peralta, Fernando"]
[Result "0-1"]
[WhiteTitle "IM"]
[BlackTitle "GM"]
[WhiteElo "2352"]
[BlackElo "2574"]
[WhiteFideId "24606073"]
[BlackFideId "105309"]
[EventDate "2014.08.22"]

1. d4 Nf6 2. c4 e6 3. Nc3 Bb4 4. Qc2 O-O 5. a3 Bxc3+ 6. Qxc3 b6 7. Bg5 Bb7 8. e3
d6 9. Ne2 Nbd7 10. Qd3 Ba6 11. b4 c5 12. b5 Bb7 13. Nc3 cxd4 14. Qxd4 Qc7 15.
Rd1 d5 16. cxd5 e5 17. Qb4 Rac8 18. Na4 Nxd5 19. Qb3 Nc5 20. Nxc5 Qxc5 21. e4
Nf4 22. f3 h6 23. Bh4 Ne6 24. Bf2 Nd4 25. Bxd4 exd4 26. Qb4 Qg5 27. Qd2 Qe7 28.
Qb4 Qh4+ 29. g3 Qf6 30. Be2 Rfd8 31. O-O Rc3 32. Rd3 a5 33. Qb2 Rdc8 34. Rd2 Qg5
35. Kg2 f5 36. Rxd4 fxe4 37. fxe4 Qe3 38. Qd2 Bxe4+ 39. Kh3 Qxd2 40. Rxd2 Rc2
41. Rxc2 Rxc2 42. Bf3 Bf5+ 43. Bg4 Bxg4+ 44. Kxg4 Rxh2 45. Rc1 Rf2 46. Rc6 Rf6
47. a4 Kf7 48. Rc7+ Kg6 49. Kh4 h5 50. Rc8 Kf5 51. Rg8 Rd6 52. Rf8+ Kg6 53. Rc8
Rd2 54. Kh3 Rf2 55. Rb8 Rf6 56. Kh4 Re6 57. Rf8 Re4+ 58. Kh3 Kg5 59. Rb8 Re3 60.
Kh2 Kg4 61. Rxb6 g5 62. Rg6 Ra3 63. Rc6 Ra2+ 64. Kg1 Rxa4 65. Rc5 Rb4 66. b6 a4
67. Kg2 Rb2+ 68. Kg1 Rxb6 69. Ra5 Rb1+ 70. Kh2 Rb2+ 71. Kg1 0-1

[Event "16th Sants Open 2014"]
[Site "Barcelona ESP"]
[Date "2014.08.25"]
[Round "4.16"]
[White "Cruz, Cristhian"]
[Black "Sowray, Peter J"]
[Result "0-1"]
[WhiteTitle "GM"]
[BlackTitle "FM"]
[WhiteElo "2553"]
[BlackElo "2325"]
[WhiteFideId "3801969"]
[BlackFideId "400971"]
[EventDate "2014.08.22"]

1. d4 e6 2. c4 Bb4+ 3. Nc3 b6 4. Qc2 Bb7 5. a3 Bxc3+ 6. Qxc3 d6 7. Nf3 Nf6 8. e3
O-O 9. Be2 Nbd7 10. b4 Ne4 11. Qc2 f5 12. Bb2 Qe7 13. O-O Rf6 14. d5 Rh6 15.
Rad1 Nf8 16. g3 Rg6 17. Ne1 b5 18. cxb5 exd5 19. Ng2 Ne6 20. Qb3 Kh8 21. Rxd5
N6g5 22. Nf4 Re8 23. Rfd1 Rh6 24. h4 Nxf2 25. Kxf2 Ne4+ 26. Ke1 Rxh4 27. Bf1
Rxf4 28. exf4 Bxd5 29. Qe3 Nc5 0-1

[Event "16th Sants Open 2014"]
[Site "Barcelona ESP"]
[Date "2014.08.25"]
[Round "4.17"]
[White "Aroshidze, Levan"]
[Black "Vehi Bach, Victor Manuel"]
[Result "1-0"]
[WhiteTitle "GM"]
[BlackTitle "IM"]
[WhiteElo "2539"]
[BlackElo "2316"]
[WhiteFideId "13601865"]
[BlackFideId "2200228"]
[EventDate "2014.08.22"]

1. e4 c5 2. Nf3 e6 3. d4 cxd4 4. Nxd4 Nf6 5. Nc3 d6 6. Be3 Be7 7. f3 Nc6 8. Qd2
a6 9. O-O-O O-O 10. g4 Nd7 11. h4 Nde5 12. Qg2 Nxd4 13. Bxd4 Qc7 14. f4 Nc6 15.
Be3 b5 16. g5 Bb7 17. Qf2 Rac8 18. Kb1 b4 19. Na4 Na5 20. Bb6 Qc6 21. b3 Bd8 22.
Bd3 Bxb6 23. Nxb6 Rcd8 24. Na4 Qc7 25. h5 f5 26. exf5 Bxh1 27. Rxh1 exf5 28. h6
g6 29. Qd4 Rf7 30. Qxb4 Nc6 31. Qd2 Ne7 32. Re1 a5 33. Nc3 Qc5 34. Bc4 d5 35.
Re5 Kf8 36. Nxd5 Nxd5 37. Bxd5 Re7 38. Rxe7 Kxe7 39. c4 Kd6 40. Qe1 Kc7 41. Kb2
Rd7 42. Qe5+ Kb6 43. Kc3 Re7 44. Qb8+ Ka6 45. Qa8+ Kb6 46. Qb8+ Ka6 47. Qb5+
Qxb5 48. cxb5+ Kxb5 49. Kd4 Re8 50. a3 Kb6 51. a4 Re7 52. Bg8 Kc6 53. Bxh7 Rxh7
54. Ke5 Rb7 55. Kf6 Kd5 56. Kxg6 Ke4 57. h7 Rb8 58. Kh5 Kxf4 59. g6 Rxb3 60. g7 1-0